Super Smash Bros. Bosses - Statistics

General Stats
  • This quiz has been taken 275 times
  • The average score is 12 of 21
Answer Stats
64 Melee Brawl 3DS WiiU Ultimate Answer % Correct
Master Hand
92%
Crazy Hand
91%
Giga Bowser
91%
Ganon
75%
Dracula
73%
Galeem
70%
Tabuu
70%
Marx
67%
Dharkon
66%
Rayquaza
64%
Rathalos
62%
Ridley
62%
Galleom
59%
Duon
48%
Master Core
46%
Petey Piranha
46%
Porky
45%
Meta Ridley
44%
Yellow Devil
28%
Metal Face
26%
Dark Emperor
13%
No matching quizzes found
Score Distribution
Percent of People with Each Score
Percentile by Number Answered
Your Score History
You have not taken this quiz